Syntaktická charakteristika imperativu a vokativu v českých výzvových větách /

Hlavní autor: Svobodová, Jana, 1946-
Jazyk: Čeština
Vydáno: Praha : Státní pedagogické nakladatelství, 1987
Vydání: 1. vyd.
Edice: Spisy Pedagogické fakulty v Ostravě ; sv. 60
Témata:
Fyzický popis: 103 s.
Language note: Anglické a ruské resumé
Knihy
Uloženo v:
LEADER 01203nam a22003252a 4500
001 000051557
003 CZ BrMZK
005 20081124120653.0
007 ta
008 951201s1987 xr f cze d
015 |a cnb000040188 
035 |a (OCoLC)39419851 
040 |a BOA001  |b cze 
041 0 |a cze  |b eng  |b rus 
080 |a 808.50-563.3  |2 MRF 
100 1 |a Svobodová, Jana,  |d 1946-  |7 jn20010310263  |4 aut 
245 1 0 |a Syntaktická charakteristika imperativu a vokativu v českých výzvových větách /  |c Jana Svobodová 
250 |a 1. vyd. 
260 |a Praha :  |b Státní pedagogické nakladatelství,  |c 1987 
300 |a 103 s. 
490 1 |a Spisy Pedagogické fakulty v Ostravě ;  |v sv. 60 
504 |a Obsahuje bibliografii 
546 |a Anglické a ruské resumé 
810 2 |a Ostravská univerzita.  |b Pedagogická fakulta.  |t Spisy  |0 s 
910 |a BOA001  |b PK-0106.528  |b 2-0928.897 
964 |a Vokativ - syntax - studie 
964 |a Imperativ - syntax - studie 
990 |a BK 
996 7 |b 2619235689  |c 2-0928.897  |l MZK  |r Sklad / do 1 hodiny  |n 1  |w 000051557  |u 000020  |a 1  |e BOA001  |j MZK50  |s A 
996 7 |b 3119978041  |c PK-0106.528  |l MZK  |r Sklad / do 1 hodiny  |n 4  |w 000051557  |u 000010  |a 1  |e BOA001  |j MZK50  |s A